99 điều cần biết giác quan và cảm xúc

Đề cập tới vấn đề cảm giác, cảm xúc; phương pháp giữ quân bình cảm xúc. Giới thiệu những khả năng kì lạ của con người

Đã lưu trong:
Sonraí Bibleagrafaíochta
Príomhúdar: Hoàng, Thanh Minh
Formáid: Leabhar
Teanga:Undetermined
Foilsithe: Trẻ 2000
Ábhair:
Clibeanna: Cuir Clib Leis
Gan Chlibeanna, Bí ar an gcéad duine leis an taifead seo a chlibeáil!
Thư viện lưu trữ: Trung tâm Học liệu Trường Đại học Cần Thơ
LEADER 00715nam a2200193Ia 4500
001 CTU_155887
008 210402s9999 xx 000 0 und d
020 |c 12000 
082 |a 150.1 
082 |b M312 
100 |a Hoàng, Thanh Minh 
245 0 |a 99 điều cần biết giác quan và cảm xúc 
245 0 |c Hoàng Thanh Minh 
260 |b Trẻ 
260 |c 2000 
520 |a Đề cập tới vấn đề cảm giác, cảm xúc; phương pháp giữ quân bình cảm xúc. Giới thiệu những khả năng kì lạ của con người 
650 |a Psychology 
904 |i Trần Trung Ngân 
980 |a Trung tâm Học liệu Trường Đại học Cần Thơ